=LDR 00000nam 2200000 4500 =001 INLIS000000000025214 =005 20130612123735 =008 ***********************************ind** =035 ##$$0010-061300000025214 =041 ##$$a ind =082 ##$$a 641.595 982 4 =090 ##$$a 641.595 982 4, SUF s =100 ##$$a Sufi S.Y =245 ##$$a Sedap dan Nikmat Hidangan Jawa Timur, Sufi S.Y =250 ##$$a Seri resep daerah =260 ##$$a 1977 $b Jakarta =300 ##$$a 56 hlm., ilus., 17 cm =650 ##$$a Masakan Jawa Timur =850 ##$$a NBPNMAT